| 000 | 00618nam a2200229Ia 4500 | ||
|---|---|---|---|
| 003 | OSt | ||
| 005 | 20230501121826.0 | ||
| 008 | 210423s2019 xx 000 0 und d | ||
| 020 | _a978-93-528-6659-5 | ||
| 040 | _cAL | ||
| 041 | _aeng | ||
| 082 |
_a332.644 _223 _bHULO |
||
| 100 |
_aHULL (John C);BASU (Sankarshan) _995632 |
||
| 245 | _aOptions futures and other derivatives Ed 10 | ||
| 250 | _a10 | ||
| 260 |
_aNoida _bPearson _c2019 |
||
| 300 |
_axxiv,903 _bPB |
||
| 365 |
_b799 _cINR |
||
| 650 |
_aInvestment Management _995633 |
||
| 906 | _a10 ; derivatives ; futures ; Options ; other | ||
| 942 |
_2ddc _cBK |
||
| 999 |
_c170648 _d170648 |
||